<?xml version="1.0" encoding="UTF-8"?>
<record
    xmlns:xsi="http://www.w3.org/2001/XMLSchema-instance"
    xsi:schemaLocation="http://www.loc.gov/MARC21/slim http://www.loc.gov/standards/marcxml/schema/MARC21slim.xsd"
    xmlns="http://www.loc.gov/MARC21/slim">

  <leader>01041cam a2200265 a 4500</leader>
  <controlfield tag="001">000018083</controlfield>
  <controlfield tag="005">20200929165339.0</controlfield>
  <controlfield tag="008">830120s1981    ho            000 p spa d</controlfield>
  <datafield tag="040" ind1=" " ind2=" ">
    <subfield code="a">DO-SdBNP</subfield>
    <subfield code="b">spa</subfield>
    <subfield code="c">BNPHU</subfield>
  </datafield>
  <datafield tag="082" ind1=" " ind2=" ">
    <subfield code="a">Ho861.7283</subfield>
    <subfield code="b">C574p</subfield>
  </datafield>
  <datafield tag="245" ind1="0" ind2="0">
    <subfield code="a">Cinco poetas hondurenos /</subfield>
    <subfield code="c">selecci&#xF3;n y pr&#xF3;logo Hernan Antonio Bermudez.</subfield>
  </datafield>
  <datafield tag="260" ind1=" " ind2=" ">
    <subfield code="a">Tegucigalpa, Honduras :</subfield>
    <subfield code="b">Guaymuras,</subfield>
    <subfield code="c">1981.</subfield>
  </datafield>
  <datafield tag="300" ind1=" " ind2=" ">
    <subfield code="a">102 p. ;</subfield>
    <subfield code="c">21 cm.</subfield>
  </datafield>
  <datafield tag="490" ind1="1" ind2=" ">
    <subfield code="a">Salamandra</subfield>
  </datafield>
  <datafield tag="505" ind1="0" ind2=" ">
    <subfield code="a">Pr&#xF3;logo -- Alexis Ram&#xED;rez -- Rigoberto Paredes -- Jos&#xE9; Luis Quesada -- Ricardo Maldonado -- Horacio Castellanos Moya.</subfield>
  </datafield>
  <datafield tag="600" ind1="1" ind2="0">
    <subfield code="a">RAM&#xCD;REZ, ALEXIS,</subfield>
    <subfield code="9">39189</subfield>
  </datafield>
  <datafield tag="600" ind1="1" ind2="0">
    <subfield code="a">PAREDES, RIGOBERTO,</subfield>
    <subfield code="d">1948-</subfield>
    <subfield code="9">39190</subfield>
  </datafield>
  <datafield tag="600" ind1="1" ind2="0">
    <subfield code="a">QUESADA, JOS&#xC9; LUIS,</subfield>
    <subfield code="d">1948-</subfield>
    <subfield code="9">39191</subfield>
  </datafield>
  <datafield tag="600" ind1="1" ind2="0">
    <subfield code="a">MALDONADO, RICARDO,</subfield>
    <subfield code="d">1958-</subfield>
    <subfield code="9">39192</subfield>
  </datafield>
  <datafield tag="600" ind1="1" ind2="0">
    <subfield code="a">CASTELLANOS MOYA, HORACIO,</subfield>
    <subfield code="d">1957-</subfield>
    <subfield code="9">39193</subfield>
  </datafield>
  <datafield tag="650" ind1=" " ind2="4">
    <subfield code="a">Poetas hondure&#xF1;os</subfield>
    <subfield code="y">SIGLO XX</subfield>
    <subfield code="9">39194</subfield>
  </datafield>
  <datafield tag="650" ind1=" " ind2="4">
    <subfield code="a">Poes&#xED;a hondure&#xF1;a</subfield>
    <subfield code="y">SIGLO XX</subfield>
    <subfield code="9">39195</subfield>
  </datafield>
  <datafield tag="650" ind1=" " ind2="4">
    <subfield code="a">Literatura hondure&#xF1;a</subfield>
    <subfield code="y">SIGLO XX</subfield>
    <subfield code="9">39196</subfield>
  </datafield>
  <datafield tag="700" ind1="1" ind2=" ">
    <subfield code="a">Bermudez, Hernan Antonio,</subfield>
    <subfield code="e">pr&#xF3;l.</subfield>
    <subfield code="9">39197</subfield>
  </datafield>
  <datafield tag="952" ind1=" " ind2=" ">
    <subfield code="0">0</subfield>
    <subfield code="1">0</subfield>
    <subfield code="5">4</subfield>
    <subfield code="7">0</subfield>
    <subfield code="8">MO</subfield>
    <subfield code="a">GR</subfield>
    <subfield code="b">GR</subfield>
    <subfield code="c">CT</subfield>
    <subfield code="d">2010-04-13</subfield>
    <subfield code="i">LF1</subfield>
    <subfield code="l">0</subfield>
    <subfield code="o">Ho861.7283 C574p</subfield>
    <subfield code="p">18083-10</subfield>
    <subfield code="r">2020-06-25</subfield>
    <subfield code="w">2020-06-25</subfield>
    <subfield code="y">4</subfield>
    <subfield code="Z">Pr&#xE9;stamo en sala</subfield>
  </datafield>
  <datafield tag="999" ind1=" " ind2=" ">
    <subfield code="c">17605</subfield>
    <subfield code="d">17605</subfield>
  </datafield>
</record>
